000 nam a22 4500
999 _c8878
_d8878
008 180317b ||||| |||| 00| 0 eng d
100 _926863
_aJaymalin, Mayen
245 _aPhl starts deployment of maids to Japan/
_cMayen Jaymalin
260 _aPhilippines
_bThe Philippine Star
_cc2016
300 _apage 10.
650 0 _926864
_aEmployment.
942 _2ddc
_cPER